000 01413nam0a22002771 4500
001 rc\3469303
005 20260408003419.0
021 _aRU
_b[71-65791]
035 _a(NLR Aleph) 007899180
090 _a8027159
_c8027159
100 _a20130115d1971 |||y0rusy50 ca
101 0 _arus
102 _aRU
105 _aa z |||||
200 1 _aОзера Карельского перешейка
_eЛимнол. циклы оз. Красного
_e[Сборник статей
_fОтв. ред. акад. С.В. Калесник]
_gАН СССР. Сов. нац. ком. по Междунар. биол. программе. Лаб. озероведения
210 _aЛенинград
_cНаука. Ленингр. отд-ние
_d1971
215 _a531 с.
_cил.
_d27
320 _aБиблиогр. по оз. Красному / Сост. И.Н. Андроникова: с. 505-513, и списки лит. в конце статей
606 _aОзера
_yКарельский перешеек
_2psbo
702 1 _aКалесник
_bС.В.
_gСтанислав Викентьевич
_4340
712 0 2 _aСоветский национальный комитет по Международной биологической программе
_cМосква
_9831692
_3RU\NLR\AUTH\8810167934
801 0 _aRU
_bNLR
_gpsbo
801 1 _aRU
_bELAR
_2rusmarc
852 _aNLR
_j71-7/930
942 _cBOOK
980 _aNB